First Names of England Players Since 2000 - Statistics

General Stats
  • This quiz has been taken 281 times
    99 since last reset
  • The average score is 184 of 234
Answer Stats
% Correct
2017 Harry Maguire 64 7
100%
2017 Harry Winks 10 1
100%
2015 Harry Kane 112 78
100%
2015 Jamie Vardy 26 7
100%
1999 Jamie Carragher 38
100%
2014 John Stones 87 3
100%
2012 John Ruddy 1
100%
2003 John Terry 78 6
100%
2020 Phil Foden 47 4
100%
2011 Phil Jones 27
100%
2008 Phil Jagielka 40 3
100%
1996 Phil Neville 59
100%
2025 Dan Burn 5
99%
2016 Danny Drinkwater 3
99%
2015 Danny Ings 3 1
99%
2014 Danny Rose 29
99%
2011 Danny Welbeck 42 16
99%
2001 Danny Mills 19
99%
2001 Danny Murphy 9 1
99%
2020 Jack Grealish 39 4
99%
2017 Jack Cork 1
99%
2012 Jack Butland 9
99%
2011 Jack Rodwell 3
99%
2010 Jack Wilshere 34 2
99%
2017 Joe Gomez 15
97%
2008 Joe Hart 75
97%
2001 Joe Cole 56 10
97%
2022 Marc Guéhi 26 1
97%
2016 Marcus Rashford 68 18
97%
2017 Michael Keane 12 1
97%
2010 Michael Dawson 4
97%
2002 Michael Ricketts 1
97%
2001 Michael Carrick 34
97%
2001 Michael Ball 1
97%
1998 Michael Owen 89 40
97%
2018 Trent Alexander-Arnold 34 4
97%
2024 Adam Wharton 3
96%
2013 Adam Lallana 34 3
96%
2010 Adam Johnson 12 2
96%
2021 Ben White 4
96%
2021 Ben Godfrey 2
96%
2018 Ben Chilwell 21 1
96%
2007 Ben Foster 8
96%
2011 Daniel Sturridge 26 8
96%
2022 James Justin 1
96%
2019 James Maddison 7
96%
2018 James Tarkowski 2
96%
2017 James Ward-Prowse 11 2
96%
2009 James Milner 61 1
96%
2003 James Beattie 5
96%
2020 Jude Bellingham 46 6
96%
2020 Mason Greenwood 1
96%
2019 Mason Mount 36 5
96%
2003 Wayne Rooney 120 53
96%
2002 Wayne Bridge 36 1
96%
2004 Alan Thompson 1
95%
2001 Alan Smith 19 1
95%
1992 Alan Shearer 63 30
95%
2007 Ashley Young 39 7
95%
2001 Ashley Cole 107
95%
2007 David Bentley 7
95%
2007 David Nugent 1 1
95%
2002 David Dunn 1
95%
1997 David James 53
95%
1996 David Beckham 115 17
95%
1988 David Seaman 75
95%
1999 Frank Lampard 106 29
95%
2000 Gareth Barry 53 3
95%
1995 Gareth Southgate 57 2
95%
2017 Jordan Pickford 81
95%
2010 Jordan Henderson 88 3
95%
2022 Kyle Walker-Peters 2
95%
2011 Kyle Walker 96 1
95%
2014 Luke Shaw 34 3
95%
2005 Luke Young 7
95%
2018 Nick Pope 10
95%
1995 Nick Barmby 23 4
95%
1994 Steve McManaman 37 3
95%
2012 Steven Caulker 1 1
95%
2000 Steven Gerrard 114 21
95%
2018 Alex McCarthy 1
94%
2012 Alex Oxlade-Chamberlain 35 7
94%
2019 Declan Rice 72 6
94%
2017 Kieran Trippier 54 1
94%
2010 Kieran Gibbs 10
94%
2005 Kieran Richardson 8 2
94%
2005 Peter Crouch 42 22
94%
2012 Raheem Sterling 82 20
94%
2023 Cole Palmer 12 2
92%
2015 Eric Dier 49 3
92%
2003 Paul Robinson 41
92%
2003 Paul Konchesky 2
92%
1997 Paul Scholes 66 14
92%
1992 Paul Ince 53 2
92%
2021 Aaron Ramsdale 5
91%
2016 Aaron Cresswell 3
91%
2006 Aaron Lennon 21
91%
2015 Dele Alli 37 3
91%
2024 Lewis Hall 2
91%
2018 Lewis Dunk 6
91%
2018 Lewis Cook 1
91%
1997 Rio Ferdinand 81 3
91%
2011 Chris Smalling 31 1
90%
2006 Chris Kirkland 1
90%
2001 Chris Powell 5
90%
2009 Gary Cahill 61 5
90%
1995 Gary Neville 85
90%
2016 Jesse Lingard 32 6
90%
2018 Jadon Sancho 23 3
89%
2005 Rob Green 12
89%
2013 Ross Barkley 33 6
89%
2010 Andy Carroll 9 2
87%
1995 Andy Cole 15 1
87%
2020 Dominic Calvert-Lewin 11 4
87%
2017 Dominic Solanke 3
87%
2017 Tammy Abraham 11 3
87%
2016 Tom Heaton 3
87%
2012 Tom Cleverley 13
87%
2009 Tom Huddlestone 4
87%
2023 Ivan Toney 7 1
86%
2006 Theo Walcott 47 8
86%
2020 Bukayo Saka 48 14
85%
2024 Morgan Rogers 12 1
85%
2024 Morgan Gibbs-White 6
85%
2021 Ollie Watkins 20 6
85%
2021 Emile Smith Rowe 3 1
84%
1999 Emile Heskey 62 7
84%
2019 Callum Hudson-Odoi 3
82%
2018 Callum Wilson 9 2
82%
2004 Jermain Defoe 57 20
82%
2014 Jon Flanagan 1
82%
2017 Nathan Redmond 1
81%
1996 Robbie Fowler 26 7
81%
2021 Conor Gallagher 22 1
80%
2020 Conor Coady 10 1
80%
1993 Teddy Sheringham 51 11
80%
2024 Kobbie Mainoo 10
78%
2015 Ryan Mason 1
78%
2012 Ryan Bertrand 19 1
78%
2012 Ryan Shawcross 1
78%
1996 Sol Campbell 73 1
78%
2019 Tyrone Mings 18 2
78%
2024 Anthony Gordon 16 2
77%
2004 Anthony Gardner 1
77%
2012 Martin Kelly 1
77%
1992 Martin Keown 43 2
77%
2021 Patrick Bamford 1
76%
2021 Sam Johnstone 4
76%
2007 Scott Carson 4
76%
2003 Scott Parker 18
76%
2020 Kalvin Phillips 31 1
75%
2018 Nathaniel Chalobah 1
73%
2014 Nathaniel Clyne 14
73%
2001 Owen Hargreaves 42
73%
2017 Ruben Loftus-Cheek 11
73%
2020 Dean Henderson 4
72%
2008 Dean Ashton 1
72%
2020 Harvey Barnes 1
72%
2022 Jarrod Bowen 20 1
72%
2012 Jonjo Shelvey 6
72%
2004 Shaun Wright-Phillips 36 6
72%
2024 Curtis Jones 6 1
71%
2007 Nicky Shorey 2
70%
1997 Nicky Butt 39
70%
2024 Noni Madueke 9 1
70%
2006 Darren Bent 13 4
68%
1994 Darren Anderton 30 7
68%
2006 Micah Richards 13 1
68%
2020 Reece James 22 1
68%
1987 Tony Adams 66 5
68%
2014 Fabian Delph 20
67%
2013 Fraser Forster 6
67%
2023 Eddie Nketiah 1
66%
2019 Fikayo Tomori 5
66%
2001 Trevor Sinclair 12
66%
2010 Leighton Baines 30 1
65%
2012 Wilfried Zaha 2
65%
2023 Eberechi Eze 16 3
62%
2023 Levi Colwill 5
62%
2025 Myles Lewis-Skelly 6 1
62%
2010 Bobby Zamora 2
61%
1996 Ian Walker 4
61%
2010 Kevin Davies 1
61%
1999 Kevin Phillips 8
61%
2025 Nico O'Reilly 2
61%
1999 Ray Parlour 10
59%
2012 Carl Jenkinson 1
58%
2011 Matt Jarvis 1
58%
2005 Stewart Downing 35
58%
2013 Andros Townsend 13 3
57%
2013 Jay Rodriguez 1
57%
2010 Jay Bothroyd 1
57%
2007 Joleon Lescott 26 1
57%
1999 Jonathan Woodgate 8
57%
2024 Angel Gomes 4
56%
2025 Djed Spence 3
56%
2003 Jermaine Jenas 21 1
56%
2007 Joey Barton 1
56%
2005 Andrew Johnson 8
54%
2012 Jake Livermore 7
54%
2002 Lee Bowyer 1
54%
2003 Matthew Upson 21 2
54%
2014 Calum Chambers 3
53%
1991 Dennis Wise 21 1
53%
2023 Rico Lewis 5
53%
2013 Rickie Lambert 11 3
52%
2024 Tino Livramento 3
52%
2025 Elliot Anderson 6
51%
2024 Ezri Konsa 17 1
51%
2008 Gabriel Agbonlahor 3
49%
2003 Glen Johnson 54 1
49%
1999 Wes Brown 23 1
49%
2012 Leon Osman 2
48%
1994 Graeme Le Saux 36 1
44%
1996 Jason Wilcox 3
44%
2008 Stephen Warnock 2
44%
2024 Taylor Harwood-Bellis 1 1
43%
2025 Trevoh Chalobah 1
43%
2002 Darius Vassell 22 6
42%
2025 Jarell Quansah 1
42%
2024 Jarrad Branthwaite 1
41%
2020 Ainsley Maitland-Niles 3
39%
2002 Ledley King 21 2
38%
2009 Carlton Cole 7
37%
2000 Richard Wright 2
37%
2022 Tyrick Mitchell 2
37%
1999 Kieron Dyer 33
35%
1992 Nigel Martyn 23
34%
2003 Francis Jeffers 1 1
32%
1996 Ugo Ehiogu 4 1
19%
2005 Zat Knight 2
19%
2001 Gavin McCann 1
15%
2012 Fraizer Campbell 1
13%
2000 Seth Johnson 1
13%
No matching quizzes found
Score Distribution
Percent of People with Each Score
Percentile by Number Answered
Your Score History
You have not taken this quiz since the last reset